Hauptstädte der Welt Quiz - Blindes tippen - Statistiken

Allgemein
  • Dieses Quiz wurde 32 mal gespielt
  • Das Durchschnittsergebnis liegt bei 115 aus 196
Antwortstatistiken
Land Hauptstadt % Korrekt
Vereinigte Staaten Washington D.C.
89%
Spanien Madrid
86%
Russland Moskau
86%
Norwegen Oslo
86%
Tschechien Prag
86%
Schweden Stockholm
86%
Deutschland Berlin
82%
Schweiz Bern
82%
Brasilien Brasília
82%
Belgien Brüssel
82%
Ungarn Budapest
82%
Dänemark Kopenhagen
82%
Portugal Lissabon
82%
Frankreich Paris
82%
Italien Rom
82%
Österreich Wien
82%
Niederlande Amsterdam
79%
Serbien Belgrad
79%
Finnland Helsinki
79%
Ukraine Kiew
79%
Luxemburg Luxemburg
79%
Mexiko Mexiko-Stadt
79%
Kanada Ottawa
79%
Chile Santiago
79%
Japan Tokio
79%
Kroatien Zagreb
79%
Kolumbien Bogotá
75%
Slowakei Bratislava
75%
Rumänien Bukarest
75%
Australien Canberra
75%
Irland Dublin
75%
Peru Lima
75%
Vereinigtes Königreich London
75%
Belarus Minsk
75%
Uruguay Montevideo
75%
China Peking
75%
Island Reykjavík
75%
Lettland Riga
75%
Bulgarien Sofia
75%
Estland Tallinn
75%
Polen Warschau
75%
Andorra Andorra la Vella
71%
Griechenland Athen
71%
Venezuela Caracas
71%
Slowenien Ljubljana
71%
Liechtenstein Vaduz
71%
Algerien Algier
68%
Argentinien Buenos Aires
68%
Ägypten Kairo
68%
Jamaika Kingston
68%
St. Vincent und die Grenadinen Kingstown
68%
Ecuador Quito
68%
Marokko Rabat
68%
San Marino San Marino
68%
Albanien Tirana
68%
Tunesien Tunis
68%
Vatikanstadt Vatikanstadt
68%
Litauen Vilnius
68%
Neuseeland Wellington
68%
Türkei Ankara
64%
Thailand Bangkok
64%
Libanon Beirut
64%
Guyana Georgetown
64%
Vietnam Hanoi
64%
Indonesien Jakarta
64%
Israel Jerusalem
64%
Bolivien La Paz oder Sucre
64%
Kenia Nairobi
64%
Indien Neu-Delhi
64%
Panama Panama-Stadt
64%
Südafrika Pretoria, Kapstadt oder Bloemfontein
64%
Iran Teheran
64%
Malta Valletta
64%
Paraguay Asunción
61%
Irak Bagdad
61%
Belize Belmopan
61%
Moldawien Chișinău
61%
Senegal Dakar
61%
Syrien Damaskus
61%
Katar Doha
61%
Dschibuti Dschibuti
61%
Simbabwe Harare
61%
Pakistan Islamabad
61%
Armenien Jerewan
61%
Afghanistan Kabul
61%
Kuwait Kuwait-Stadt
61%
Togo Lomé
61%
Haiti Port-au-Prince
61%
Costa Rica San José
61%
El Salvador San Salvador
61%
Südkorea Seoul
61%
Nordmazedonien Skopje
61%
Namibia Windhoek
61%
Aserbaidschan Baku
57%
Kuba Havanna
57%
Sudan Khartum
57%
Angola Luanda
57%
Sambia Lusaka
57%
Oman Maskat
57%
Somalia Mogadischu
57%
Monaco Monaco
57%
Bahamas Nassau
57%
Nordkorea Pjöngjang
57%
Papua-Neuguinea Port Moresby
57%
Kosovo Priština
57%
Saudi-Arabien Riad
57%
Singapur Singapur
57%
Georgien Tiflis
57%
Libyen Tripolis
57%
Mongolei Ulaanbaatar
57%
Nigeria Abuja
54%
Äthiopien Addis Abeba
54%
Madagaskar Antananarivo
54%
Tansania Dodoma
54%
Sierra Leone Freetown
54%
Südsudan Juba
54%
Nicaragua Managua
54%
Mosambik Maputo
54%
Montenegro Podgorica
54%
Trinidad und Tobago Port-of-Spain
54%
Dominikanische Republik Santo Domingo
54%
Bosnien und Herzegowina Sarajevo
54%
Fidschi Suva
54%
Honduras Tegucigalpa
54%
Jordanien Amman
50%
Eritrea Asmara
50%
Kasachstan Astana
50%
Guinea-Bissau Bissau
50%
Guinea Conakry
50%
Osttimor Dili
50%
Guatemala Guatemala- Stadt
50%
Uganda Kampala
50%
Nepal Kathmandu
50%
Ruanda Kigali
50%
Malaysia Kuala Lumpur
50%
Malawi Lilongwe
50%
Bahrain Manama
50%
Philippinen Manila
50%
Komoren Moroni
50%
Suriname Paramaribo
50%
Jemen Sanaa
50%
Bhutan Thimphu
50%
Seychellen Victoria
50%
Vereinigte Arabische Emirate Abu Dhabi
46%
Ghana Accra
46%
Zentralafrikanische Republik Bangui
46%
Gambia Banjul
46%
Barbados Bridgetown
46%
Tadschikistan Duschanbe
46%
Botswana Gaborone
46%
Kongo (Dem. Rep.) Kinshasa
46%
Malediven Malé
46%
Liberia Monrovia
46%
Zypern Nikosia
46%
Mauretanien Nouakchott
46%
Kambodscha Phnom Penh
46%
Mauritius Port Louis
46%
São Tomé und Príncipe São Tomé
46%
Sri Lanka Sri Jayawardenepura Kotte
46%
Usbekistan Taschkent
46%
Turkmenistan Aşgabat
43%
Mali Bamako
43%
St. Kitts und Nevis Basseterre
43%
Kongo (Rep.) Brazzaville
43%
Bangladesch Dhaka
43%
Burundi Gitega
43%
Kamerun Jaunde
43%
Gabun Libreville
43%
Lesotho Maseru
43%
Eswatini Mbabane
43%
Niger Niamey
43%
Kap Verde Praia
43%
Dominica Roseau
43%
Taiwan Taipeh
43%
Laos Vientiane
43%
Brunei Bandar Seri Begawan
39%
Kirgisistan Bischkek
39%
St. Lucia Castries
39%
Tuvalu Funafuti
39%
Salomonen Honiara
39%
Tschad N'Djamena
39%
Burkina Faso Ouagadougou
39%
Mikronesien Palikir
39%
Benin Porto-Novo oder Cotonou
39%
Grenada Saint George's
39%
Antigua und Barbuda Saint John's
39%
Elfenbeinküste Yamoussoukro
39%
Samoa Apia
36%
Äquatorial-Guinea Malabo
36%
Palau Ngerulmud
36%
Nauru Yaren
36%
Myanmar Naypyidaw
32%
Tonga Nukuʻalofa
32%
Kiribati South Tarawa
32%
Marshallinseln Majuro
29%
Vanuatu Port Vila
29%
Keine übereinstimmenden Quizze gefunden
Verteilung der Resultate
Anzahl Personen mit jedem Resultat
Perzentil nach korrekt beantworteten Fragen
Ihre Resultats-Entwicklung
Sie haben dieses Quiz noch nicht gespielt